[Event "Rated Blitz game"]
[Site "?"]
[Date "2021.03.26"]
[Round "?"]
[White "Tim1991"]
[Black "blastol"]
[Result "1-0"]
[WhiteElo "2553"]
[BlackElo "2452"]
[PlyCount "101"]
[EventDate "2021.??.??"]
[EventType "blitz"]

1. e4 e5 2. Nf3 d5 3. exd5 Bd6 4. Nc3 Nf6 5. Bb5+ c6 6. dxc6 bxc6 7. Bc4 e4 8.
Ng5 O-O 9. O-O Bf5 10. d3 exd3 11. Bxd3 Bg6 12. Bxg6 hxg6 13. Nge4 Nxe4 14.
Nxe4 Bxh2+ 15. Kxh2 Qh4+ 16. Kg1 Qxe4 17. Be3 Na6 18. Qe2 Nb4 19. c3 Nc2 20.
Rad1 Nxe3 21. Qxe3 Qxe3 22. fxe3 Rad8 23. Kf2 f5 24. Ke2 Rfe8 25. Rxd8 Rxd8 26.
Rd1 Rxd1 27. Kxd1 Kf7 28. Kc2 Ke6 29. Kd3 Ke5 30. b4 g5 31. a4 f4 32. exf4+
gxf4 33. c4 g5 34. b5 cxb5 35. axb5 Kd6 36. Kd4 Kc7 37. Ke4 Kd6 38. Kf5 Kc5 39.
Kxg5 Kxc4 40. Kxf4 Kxb5 41. g4 a5 42. g5 a4 43. g6 a3 44. g7 a2 45. g8=Q a1=Q
46. Qd5+ Kb6 47. Qb3+ Kc6 48. Qc4+ Kb6 49. Qe6+ Kc5 50. Qe5+ Kc6 51. Qxa1 {
Normal} 1-0

[Event "Rated Blitz tournament mLrNWmbA"]
[Site "?"]
[Date "2021.03.26"]
[Round "?"]
[White "music_2003"]
[Black "dr_xStranger"]
[Result "0-1"]
[WhiteElo "2423"]
[BlackElo "2510"]
[PlyCount "70"]
[EventDate "2021.??.??"]
[EventType "blitz"]

1. e4 e5 2. Nf3 d5 3. Nxe5 Bd6 4. d4 dxe4 5. Nc3 Bxe5 6. dxe5 Qxd1+ 7. Kxd1 Bf5
8. Bf4 Ne7 9. Bc4 Nbc6 10. Nb5 O-O-O+ 11. Kc1 Nd5 12. Bg3 a6 13. Na3 Be6 14.
Rd1 Nb6 15. Bxe6+ fxe6 16. c3 Rhf8 17. Kc2 Nd5 18. Nc4 b5 19. Ne3 Nxe3+ 20.
fxe3 Ne7 21. Bh4 Rxd1 22. Rxd1 Nd5 23. Re1 g5 24. Bg3 h5 25. h4 gxh4 26. Bxh4
Rg8 27. g3 Rf8 28. Re2 Rf3 29. Kd2 Rf1 30. b3 Ra1 31. c4 Rxa2+ 32. Ke1 Rxe2+
33. Kxe2 bxc4 34. bxc4 Nb6 35. c5 Nd7 {Normal} 0-1

[Event "Rated Blitz tournament mLrNWmbA"]
[Site "?"]
[Date "2021.03.26"]
[Round "?"]
[White "Chesscomlepszy"]
[Black "dr_xStranger"]
[Result "0-1"]
[WhiteElo "2281"]
[BlackElo "2507"]
[PlyCount "26"]
[EventDate "2021.??.??"]
[EventType "blitz"]

1. e4 e5 2. Nf3 d5 3. exd5 e4 4. Qe2 Nf6 5. d3 Bb4+ 6. Nc3 O-O 7. dxe4 Re8 8.
e5 Nxd5 9. Bd2 Nc6 10. Nxd5 Qxd5 11. Bxb4 Nxb4 12. c4 Qa5 13. Qd2 Nc2+ {Normal}
0-1

[Event "Rated Blitz game"]
[Site "?"]
[Date "2021.03.26"]
[Round "?"]
[White "Habibq2029"]
[Black "KamranShirazi"]
[Result "0-1"]
[WhiteElo "2300"]
[BlackElo "2466"]
[PlyCount "70"]
[EventDate "2021.??.??"]
[EventType "blitz"]

1. e4 e5 2. Nf3 d5 3. Nc3 dxe4 4. Nxe5 Qd4 5. f4 Bc5 6. Qe2 Nf6 7. h3 O-O 8. d3
exd3 9. cxd3 Nc6 10. Nxc6 bxc6 11. Ne4 Nxe4 12. dxe4 Bb4+ 13. Bd2 Bxd2+ 14.
Qxd2 Qxe4+ 15. Qe2 Qxf4 16. Qf3 Re8+ 17. Be2 Qxf3 18. gxf3 Ba6 19. Rh2 Re3 20.
Rc1 Rae8 21. Rc2 Bxe2 22. Rhxe2 Rxe2+ 23. Rxe2 Rxe2+ 24. Kxe2 Kf8 25. Kd3 Ke7
26. Kc4 Kd6 27. b4 g5 28. a4 h5 29. b5 f5 30. Kd4 cxb5 31. axb5 g4 32. fxg4
fxg4 33. hxg4 hxg4 34. Ke4 Kc5 35. Kf4 Kxb5 {Normal} 0-1

[Event "Rated Blitz game"]
[Site "?"]
[Date "2021.03.26"]
[Round "?"]
[White "Hardi-KBPL"]
[Black "Dzon_Vejn"]
[Result "0-1"]
[WhiteElo "2389"]
[BlackElo "2408"]
[PlyCount "44"]
[EventDate "2021.??.??"]
[EventType "blitz"]

1. e4 e5 2. Nf3 d5 3. exd5 e4 4. Qe2 Nf6 5. Nc3 Be7 6. Nxe4 O-O 7. Nxf6+ Bxf6
8. c4 Re8 9. d3 Rxe2+ 10. Bxe2 c6 11. dxc6 Nxc6 12. O-O Bf5 13. Be3 b6 14. d4
Nb4 15. a3 Nc2 16. Rad1 Nxe3 17. fxe3 Bg4 18. h3 Bh5 19. Bd3 Rc8 20. Rde1 Bg6
21. Bxg6 hxg6 22. Rd1 Rxc4 {Normal} 0-1

[Event "Rated Blitz tournament mLrNWmbA"]
[Site "?"]
[Date "2021.03.26"]
[Round "?"]
[White "NEKI_NOVI_KLINAC"]
[Black "cuerosky"]
[Result "1-0"]
[WhiteElo "2525"]
[BlackElo "2273"]
[PlyCount "65"]
[EventDate "2021.??.??"]
[EventType "blitz"]

1. e4 e5 2. Nf3 d5 3. exd5 e4 4. Nd4 Qxd5 5. Nb3 Nf6 6. Nc3 Qe5 7. Bc4 Bd6 8.
g3 Nc6 9. O-O O-O 10. d4 exd3 11. Bxd3 Bg4 12. f3 Bh3 13. Bf4 Qh5 14. Bxd6 cxd6
15. Rf2 Ne5 16. Ne4 Nd5 17. Nxd6 Nb4 18. Nxb7 Rab8 19. Be4 Kh8 20. Qd6 a5 21.
N3xa5 Na6 22. Qxa6 f5 23. Bd5 f4 24. g4 Bxg4 25. fxg4 Nxg4 26. Raf1 Nxf2 27.
Rxf2 Rbe8 28. Bf3 Re1+ 29. Rf1 Qg5+ 30. Kh1 Rfe8 31. Nd6 Rxf1+ 32. Qxf1 Re6 33.
Nf7+ {Normal} 1-0

[Event "Rated Blitz tournament mLrNWmbA"]
[Site "?"]
[Date "2021.03.26"]
[Round "?"]
[White "Zhigalko_Sergei"]
[Black "Fantastic_power06"]
[Result "0-1"]
[WhiteElo "2777"]
[BlackElo "2627"]
[PlyCount "160"]
[EventDate "2021.??.??"]
[EventType "blitz"]

1. e4 e5 2. Nf3 d5 3. exd5 e4 4. Qe2 Nf6 5. Nc3 Be7 6. Nxe4 O-O 7. Nxf6+ Bxf6
8. Qd1 Qxd5 9. Be2 c5 10. O-O Nc6 11. d3 Bg4 12. h3 Bh5 13. Nd2 Bxe2 14. Qxe2
Nd4 15. Qd1 Rad8 16. Ne4 Be7 17. Be3 Ne6 18. Qf3 f5 19. Nc3 Qxf3 20. gxf3 f4
21. Bd2 Nd4 22. Kg2 Nxc2 23. Rac1 Nb4 24. Ne4 Nxd3 25. Rc2 b6 26. Bc3 Rd5 27.
Kh2 Rfd8 28. Rg1 g6 29. a3 Ne5 30. Kg2 Nc6 31. Re2 Nd4 32. Bxd4 Rxd4 33. Rge1
Kg7 34. Nc3 Bf8 35. Nb5 R4d7 36. Re4 a6 37. Nc3 Rd2 38. R1e2 Rxe2 39. Nxe2 g5
40. Nc3 Rd2 41. Re5 h6 42. Re2 Rxe2 43. Nxe2 Kf6 44. b3 Ke5 45. Kf1 b5 46. Ke1
c4 47. bxc4 bxc4 48. a4 Kd5 49. Kd2 Kc5 50. Kc2 Kb4 51. Nc3 Bg7 52. Nd5+ Kxa4
53. Ne7 Kb5 54. Nf5 Be5 55. Nxh6 a5 56. Nf7 Bd4 57. Nxg5 a4 58. Ne6 Be5 59. Ng5
a3 60. Kb1 Kb4 61. Ne4 c3 62. Nxc3 Bxc3 63. Ka2 Bf6 64. h4 Bxh4 65. Kb1 Bxf2
66. Ka2 Bc5 67. Kb1 Kc3 68. Ka2 Kd3 69. Kb3 Ke3 70. Kc4 Bf8 71. Kb3 Kxf3 72.
Ka2 Ke3 73. Kb3 f3 74. Ka2 f2 75. Kb3 f1=Q 76. Ka4 Qc4+ 77. Ka5 a2 78. Kb6 a1=Q
79. Kb7 Qaa6+ 80. Kb8 Qcc8# {Normal} 0-1

[Event "Rated Blitz tournament mLrNWmbA"]
[Site "?"]
[Date "2021.03.26"]
[Round "?"]
[White "Anjas_Novita-IM"]
[Black "Lur15"]
[Result "1-0"]
[WhiteElo "2450"]
[BlackElo "2291"]
[PlyCount "75"]
[EventDate "2021.??.??"]
[EventType "blitz"]

1. e4 e5 2. Nf3 d5 3. exd5 e4 4. Qe2 Be7 5. Qxe4 Nf6 6. Qc4 O-O 7. Be2 c6 8.
O-O cxd5 9. Qb3 Nc6 10. d4 Re8 11. c3 Bd6 12. Bd3 Bg4 13. Nbd2 Rb8 14. h3 Bh5
15. Qc2 Bg6 16. Ng5 h6 17. Bxg6 hxg5 18. Bd3 g4 19. hxg4 Nxg4 20. Nf3 Rc8 21.
Bf5 Nxd4 22. Nxd4 Qh4 23. Nf3 Bh2+ 24. Kh1 Re1 25. Rxe1 Nxf2+ 26. Qxf2 Qxf2 27.
Bxc8 Bd6 28. Be3 Qg3 29. Bxb7 f6 30. Bxd5+ Kf8 31. Rad1 g5 32. Bg1 Qg4 33. Be6
Qh5+ 34. Nh2 Bf4 35. Rd7 Be5 36. Rxe5 fxe5 37. Bc5+ Ke8 38. Bf7+ {Normal} 1-0

[Event "Rated Blitz game"]
[Site "?"]
[Date "2021.03.26"]
[Round "?"]
[White "Aldistdo"]
[Black "Dzon_Vejn"]
[Result "0-1"]
[WhiteElo "2283"]
[BlackElo "2447"]
[PlyCount "38"]
[EventDate "2021.??.??"]
[EventType "blitz"]

1. e4 e5 2. Nf3 d5 3. Nxe5 Bd6 4. d4 dxe4 5. Bc4 Bxe5 6. dxe5 Qxd1+ 7. Kxd1 Nc6
8. c3 Nxe5 9. Bd5 Nf6 10. Bb3 Bg4+ 11. Kc2 O-O-O 12. Be3 Be2 13. Bd4 Bd3+ 14.
Kd2 Rhe8 15. Bc2 c5 16. Bxe5 Rxe5 17. Bxd3 exd3 18. Re1 Ne4+ 19. Ke3 d2 {Normal
} 0-1

[Event "Rated Blitz tournament mLrNWmbA"]
[Site "?"]
[Date "2021.03.26"]
[Round "?"]
[White "mafiabossgigant"]
[Black "fuglfonix"]
[Result "0-1"]
[WhiteElo "2431"]
[BlackElo "2306"]
[PlyCount "136"]
[EventDate "2021.??.??"]
[EventType "blitz"]

1. e4 e5 2. Nf3 d5 3. d4 dxe4 4. Nxe5 Bd6 5. Nc4 Ne7 6. Nc3 f5 7. Qh5+ Ng6 8.
Bg5 Be7 9. Bxe7 Qxe7 10. Nd5 Qf7 11. Ne5 Nxe5 12. Qxf7+ Nxf7 13. Nxc7+ Kd7 14.
Nxa8 b6 15. Bb5+ Kd6 16. Bc4 Nd8 17. a4 Ndc6 18. d5 Na5 19. Be2 Nd7 20. b4 Nb7
21. Bb5 Ne5 22. a5 bxa5 23. bxa5 Nc5 24. a6 Bd7 25. Bxd7 Nexd7 26. O-O Rxa8 27.
c4 Nb6 28. f3 e3 29. f4 Nxc4 30. Rac1 e2 31. Rfe1 Nd3 32. Rxc4 Nxe1 33. Kf2
Nd3+ 34. Kxe2 Nc5 35. Rb4 Re8+ 36. Kf3 Kxd5 37. Rb1 Re4 38. Rb8 Ne6 39. Rb7
Rxf4+ 40. Ke3 Re4+ 41. Kf3 g5 42. Rxa7 g4+ 43. Kf2 Ra4 44. Rxh7 Rxa6 45. g3
Ra2+ 46. Ke3 Ra3+ 47. Ke2 Nd4+ 48. Kd1 Nf3 49. Kc1 Ra2 50. Rh5 Ke4 51. h3 gxh3
52. Rxh3 Rg2 53. Kd1 Ng5 54. Rh4+ Ke5 55. Rh5 Rxg3 56. Rh8 Ne4 57. Ra8 Kf4 58.
Ke1 Rg2 59. Kd1 Rd2+ 60. Ke1 Rb2 61. Kf1 Kf3 62. Ke1 f4 63. Kd1 Nc3+ 64. Ke1
Re2+ 65. Kf1 Rc2 66. Kg1 Rc1+ 67. Kh2 Ne4 68. Kh3 Rh1# {Normal} 0-1

[Event "Rated Blitz game"]
[Site "?"]
[Date "2021.03.26"]
[Round "?"]
[White "donaldduk"]
[Black "Dzon_Vejn"]
[Result "0-1"]
[WhiteElo "2298"]
[BlackElo "2442"]
[PlyCount "126"]
[EventDate "2021.??.??"]
[EventType "blitz"]

1. e4 e5 2. Nf3 d5 3. Nxe5 Bd6 4. Nxf7 Kxf7 5. Qh5+ Kf8 6. Qxd5 Nf6 7. Qb3 Nc6
8. Nc3 Nd4 9. Qa4 c5 10. Bd3 Bd7 11. Qc4 b5 12. Nxb5 Bxb5 13. Qc3 Rc8 14. a4
Bxd3 15. Qxd3 Be5 16. O-O c4 17. Qh3 Nxc2 18. Rb1 Qd7 19. Qh4 Nd4 20. f4 Ne2+
21. Kh1 Qd3 22. fxe5 Ng3+ 23. hxg3 Qxf1+ 24. Kh2 Qd3 25. exf6 Qxb1 26. fxg7+
Kxg7 27. Qg4+ Kf7 28. Qf5+ Ke7 29. Qe5+ Kd7 30. Qd5+ Kc7 31. Qxc4+ Kb8 32. Qb5+
Ka8 33. Qd5+ Kb8 34. Qa5 Qxe4 35. Qb5+ Qb7 36. Qe5+ Ka8 37. d3 Rhe8 38. Qd4 Rc6
39. Bf4 Rec8 40. Qe4 a6 41. a5 Rh6+ 42. Bxh6 Qxe4 43. dxe4 Rc5 44. Bf4 Rxa5 45.
g4 Kb7 46. Kg3 Rb5 47. e5 Rb3+ 48. Kh4 Rxb2 49. Kg5 Rxg2 50. e6 Kc6 51. Be5 Kd5
52. Kf6 Rf2+ 53. Ke7 Kxe5 54. Kd7 Kd5 55. e7 Re2 56. e8=Q Rxe8 57. Kxe8 a5 58.
Kf7 a4 59. Kg7 h5 60. Kh7 h4 61. g5 h3 62. g6 h2 63. g7 h1=Q+ {Time forfeit}
0-1

[Event "Rated Blitz game"]
[Site "?"]
[Date "2021.03.26"]
[Round "?"]
[White "z2win"]
[Black "Dzon_Vejn"]
[Result "0-1"]
[WhiteElo "2427"]
[BlackElo "2455"]
[PlyCount "90"]
[EventDate "2021.??.??"]
[EventType "blitz"]

1. e4 e5 2. Nf3 d5 3. d4 dxe4 4. Nxe5 Bd6 5. Nc4 Be7 6. c3 Nf6 7. Bf4 Bf5 8.
Nbd2 O-O 9. Be2 Nc6 10. O-O Bg6 11. Re1 Re8 12. Ne3 Bd6 13. Bg5 h6 14. Bh4 Be7
15. b4 Nd5 16. Bxe7 Rxe7 17. Nxd5 Qxd5 18. Nc4 Kh7 19. Ne3 Qd7 20. a4 f5 21.
Bh5 Bxh5 22. Qxh5 g6 23. Qh3 Rf8 24. a5 a6 25. Nc4 Qd5 26. Ne3 Qd6 27. g3 f4
28. Ng2 g5 29. Rad1 Qf6 30. Rf1 Rfe8 31. Rde1 Nd8 32. Qg4 Rf8 33. h4 Qf5 34.
Qxf5+ Rxf5 35. hxg5 hxg5 36. g4 Rf6 37. f3 e3 38. Re2 Nf7 39. Ne1 Nd6 40. Nd3
Nc4 41. Rh2+ Kg7 42. Rh5 Kg6 43. Kg2 Rh7 44. Rxh7 Kxh7 45. Rh1+ Kg7 {Time
forfeit} 0-1

[Event "Rated Blitz game"]
[Site "?"]
[Date "2021.03.26"]
[Round "?"]
[White "Alexandr_Kudinov"]
[Black "Dzon_Vejn"]
[Result "0-1"]
[WhiteElo "2357"]
[BlackElo "2434"]
[PlyCount "50"]
[EventDate "2021.??.??"]
[EventType "blitz"]

1. e4 e5 2. Nf3 d5 3. exd5 e4 4. Qe2 Nf6 5. Nc3 Be7 6. Nxe4 O-O 7. d3 Nxd5 8.
Bd2 Re8 9. O-O-O f5 10. Nc3 Nxc3 11. Bxc3 Bg5+ 12. Nxg5 Rxe2 13. Bxe2 Qxg5+ 14.
Kb1 Nc6 15. h4 Qe7 16. Bf3 Be6 17. Rhe1 Qd7 18. d4 Bd5 19. Be2 Re8 20. b3 Bxg2
21. d5 Rxe2 22. Rxe2 Bf3 23. Red2 Bxd1 24. dxc6 Qxc6 25. Rxd1 Qxc3 {Normal} 0-1

[Event "Rated Blitz tournament mLrNWmbA"]
[Site "?"]
[Date "2021.03.26"]
[Round "?"]
[White "mrozek98"]
[Black "D_BKD"]
[Result "0-1"]
[WhiteElo "2325"]
[BlackElo "2495"]
[PlyCount "66"]
[EventDate "2021.??.??"]
[EventType "blitz"]

1. e4 e5 2. Nf3 d5 3. Nxe5 dxe4 4. d4 Nd7 5. Nxd7 Bxd7 6. Bc4 Nf6 7. Nc3 Bd6 8.
h3 h6 9. Be3 O-O 10. Qd2 c6 11. Bb3 b5 12. a3 a5 13. O-O Qe7 14. Rae1 Rad8 15.
Bf4 Bxf4 16. Qxf4 Rfe8 17. a4 b4 18. Ne2 Be6 19. Rd1 Bxb3 20. cxb3 Qe6 21. Qe3
Nd5 22. Qc1 f5 23. Qc4 f4 24. Rfe1 f3 25. Ng3 fxg2 26. Rxe4 Qxh3 27. Rde1 Rf8
28. Qxc6 Nf4 29. Qc4+ Kh8 30. Qc7 Nh5 31. Re8 Nxg3 32. Rxf8+ Rxf8 33. fxg3 Qh1#
{Normal} 0-1

[Event "Rated Blitz game"]
[Site "?"]
[Date "2021.03.26"]
[Round "?"]
[White "Julien0075"]
[Black "jsequera"]
[Result "0-1"]
[WhiteElo "2337"]
[BlackElo "2449"]
[PlyCount "60"]
[EventDate "2021.??.??"]
[EventType "blitz"]

1. e4 e5 2. Nf3 d5 3. d4 dxe4 4. Nxe5 Bd6 5. Bc4 Bxe5 6. dxe5 Qxd1+ 7. Kxd1 Nc6
8. Bf4 Nge7 9. Nc3 Ng6 10. Bg3 Ncxe5 11. Bd5 f5 12. Nb5 c6 13. Nd6+ Kd7 14. Nf7
cxd5 15. Nxe5+ Nxe5 16. Bxe5 Ke6 17. Bd4 Rg8 18. h4 Bd7 19. Kd2 b6 20. g3 Be8
21. h5 Rc8 22. c3 Bb5 23. Ke3 Bd3 24. a3 Rc6 25. Rae1 a5 26. Kf4 b5 27. Re3 Rd6
28. Rhe1 g5+ 29. hxg6 hxg6 30. Rh1 g5# {Normal} 0-1

[Event "Rated Blitz game"]
[Site "?"]
[Date "2021.03.26"]
[Round "?"]
[White "sdirektor"]
[Black "Dzon_Vejn"]
[Result "1-0"]
[WhiteElo "2334"]
[BlackElo "2441"]
[PlyCount "103"]
[EventDate "2021.??.??"]
[EventType "blitz"]

1. e4 e5 2. Nf3 d5 3. exd5 e4 4. Ne5 Qxd5 5. d4 exd3 6. Nxd3 Bf5 7. Nc3 Qe6+ 8.
Be3 Nc6 9. Be2 O-O-O 10. O-O Nf6 11. Bf3 Ne5 12. Be2 a6 13. Re1 Nxd3 14. Bxd3
Bxd3 15. cxd3 Qd7 16. d4 h6 17. Qf3 Bb4 18. h3 Bxc3 19. bxc3 Qd5 20. Qg3 g5 21.
c4 Qd6 22. Qf3 Rhe8 23. Rab1 Ne4 24. Qxf7 Rf8 25. Qh5 Rde8 26. Rb3 Qf6 27. Qg4+
Kb8 28. Reb1 b6 29. c5 b5 30. a4 c6 31. axb5 cxb5 32. R3b2 Nc3 33. Ra1 Re6 34.
Rc2 Nd5 35. c6 Rxc6 36. Rxc6 Qxc6 37. Rc1 Qd6 38. Qe4 Rc8 39. Rc5 Rxc5 40. dxc5
Qc6 41. Bd4 a5 42. Be5+ Ka7 43. Bd6 b4 44. Qh7+ Ka6 45. Qxh6 b3 46. Qg6 a4 47.
Qd3+ Ka5 48. Qd2+ Ka6 49. Qd3+ Kb7 50. Qc4 Nf4 51. Qb4+ Kc8 52. f3 {Time
forfeit} 1-0

[Event "Rated Blitz game"]
[Site "?"]
[Date "2021.03.26"]
[Round "?"]
[White "angry_biscuits"]
[Black "blastol"]
[Result "0-1"]
[WhiteElo "2365"]
[BlackElo "2432"]
[PlyCount "66"]
[EventDate "2021.??.??"]
[EventType "blitz"]

1. e4 e5 2. Nf3 d5 3. exd5 Bd6 4. Nc3 Nf6 5. Bb5+ c6 6. dxc6 bxc6 7. Bc4 e4 8.
Nd4 O-O 9. h3 Qe7 10. Nde2 Nbd7 11. d4 Nb6 12. Bb3 Nbd5 13. Nxd5 cxd5 14. Bf4
Ba6 15. Bxd6 Qxd6 16. Qd2 e3 17. fxe3 Ne4 18. Qd1 Bxe2 19. Qxe2 Ng3 20. Qf3
Nxh1 21. Bxd5 Rad8 22. c4 Qb4+ 23. Kf1 Qxb2 24. Re1 Rde8 25. Kg1 Qd2 26. Rf1
Qxe3+ 27. Qxe3 Rxe3 28. Kxh1 Rd3 29. Rf4 g5 30. Rg4 Kh8 31. c5 h6 32. Bc4 Rd1+
33. Kh2 f5 {Normal} 0-1

[Event "Rated Blitz game"]
[Site "?"]
[Date "2021.03.26"]
[Round "?"]
[White "jaoso78"]
[Black "magos33"]
[Result "1/2-1/2"]
[WhiteElo "2407"]
[BlackElo "2388"]
[PlyCount "76"]
[EventDate "2021.??.??"]
[EventType "blitz"]

1. e4 e5 2. Nf3 d5 3. exd5 e4 4. Qe2 Nf6 5. Nc3 Be7 6. Nxe4 O-O 7. d3 Nxd5 8.
g3 Re8 9. c4 Nb4 10. a3 f5 11. axb4 fxe4 12. dxe4 Bxb4+ 13. Bd2 Nc6 14. Bg2 Bg4
15. Bxb4 Nd4 16. Qd1 Rxe4+ 17. Kf1 Qf6 18. Ra3 Rd8 19. Rd3 b6 20. Bc3 c5 21.
Bxd4 cxd4 22. h3 Bh5 23. g4 Bg6 24. Qd2 Rf4 25. g5 Bxd3+ 26. Qxd3 Qf8 27. h4 b5
28. cxb5 Rc8 29. Kg1 Rc1+ 30. Kh2 Qd6 31. Kh3 Qe6+ 32. Kg3 Rg4+ 33. Kh2 Rxg2+
34. Kxg2 Qg4+ 35. Kh2 Qf4+ 36. Kg2 Qg4+ 37. Kh2 Qf4+ 38. Kg2 Qg4+ {Normal}
1/2-1/2

[Event "Rated Blitz game"]
[Site "?"]
[Date "2021.03.26"]
[Round "?"]
[White "AndriiRomashko"]
[Black "Dzon_Vejn"]
[Result "0-1"]
[WhiteElo "2362"]
[BlackElo "2431"]
[PlyCount "38"]
[EventDate "2021.??.??"]
[EventType "blitz"]

1. e4 e5 2. Nf3 d5 3. Nxe5 Bd6 4. d4 dxe4 5. Bc4 Bxe5 6. Qh5 Qf6 7. Qxe5+ Qxe5
8. dxe5 Nc6 9. Bf4 Nge7 10. Nc3 Bf5 11. Bb5 O-O-O 12. O-O Nd4 13. Rac1 Nd5 14.
Nxd5 Rxd5 15. Bc4 Rc5 16. Bxf7 Ne2+ 17. Kh1 Nxf4 18. c4 Rxe5 19. Rcd1 Re7 {
Time forfeit} 0-1

[Event "Rated Blitz tournament mLrNWmbA"]
[Site "?"]
[Date "2021.03.26"]
[Round "?"]
[White "bingo95"]
[Black "cuerosky"]
[Result "1-0"]
[WhiteElo "2553"]
[BlackElo "2273"]
[PlyCount "63"]
[EventDate "2021.??.??"]
[EventType "blitz"]

1. e4 e5 2. Nf3 d5 3. exd5 e4 4. Qe2 Nf6 5. d3 Bb4+ 6. c3 O-O 7. dxe4 Bd6 8.
Nfd2 Re8 9. f3 Nxd5 10. Nc4 Nf4 11. Qd2 Ng6 12. Nxd6 cxd6 13. c4 Nc6 14. Be2
Be6 15. O-O Rc8 16. Nc3 a6 17. Rd1 Nce5 18. b3 Qh4 19. Qe1 Qxe1+ 20. Rxe1 b5
21. f4 bxc4 22. fxe5 cxb3 23. Nd5 Nxe5 24. axb3 Bxd5 25. exd5 Rc2 26. Kf1 Ng6
27. g3 h6 28. Bf4 Nxf4 29. gxf4 Re4 30. Bd3 Rxf4+ 31. Kg1 Rd2 32. Re8# {Normal}
1-0

[Event "Rated Blitz game"]
[Site "?"]
[Date "2021.03.26"]
[Round "?"]
[White "sdr84"]
[Black "jsequera"]
[Result "0-1"]
[WhiteElo "2376"]
[BlackElo "2458"]
[PlyCount "78"]
[EventDate "2021.??.??"]
[EventType "blitz"]

1. e4 e5 2. Nf3 d5 3. exd5 e4 4. Ne5 Qxd5 5. d4 exd3 6. Nxd3 Bd6 7. Nc3 Qf5 8.
Qe2+ Be6 9. Qe4 Nc6 10. Qxf5 Bxf5 11. Nb5 O-O-O 12. Be3 Nf6 13. O-O-O Rhe8 14.
Bg5 Be7 15. f3 a6 16. Nc3 h6 17. Bh4 Nd5 18. Bxe7 Rxe7 19. Nxd5 Rxd5 20. Nf2
Rxd1+ 21. Kxd1 Nb4 22. c3 Nd5 23. Kd2 Rd7 24. g3 Nb4+ 25. Ke1 Nxa2 26. Bc4 Nc1
27. g4 Be6 28. Bxe6 fxe6 29. Rf1 Kd8 30. Rg1 Ke7 31. Rg2 a5 32. Ne4 Nd3+ 33.
Kf1 a4 34. Rd2 b6 35. Ke2 Nf4+ 36. Kd1 Rxd2+ 37. Kxd2 Ng6 38. Ke3 Ne5 39. h3
Nc4+ {Normal} 0-1

[Event "Rated Blitz game"]
[Site "?"]
[Date "2021.03.26"]
[Round "?"]
[White "Mark_Twain_64"]
[Black "Schachelite"]
[Result "0-1"]
[WhiteElo "2418"]
[BlackElo "2413"]
[PlyCount "114"]
[EventDate "2021.??.??"]
[EventType "blitz"]

1. e4 e5 2. Nf3 d5 3. Nc3 d4 4. Ne2 Nc6 5. Ng3 Bd6 6. Bb5 Bd7 7. O-O Nge7 8. d3
O-O 9. Ne1 a6 10. Bxc6 Nxc6 11. f4 exf4 12. Bxf4 Bxf4 13. Rxf4 Ne5 14. Nf5 Bxf5
15. Rxf5 Qe7 16. Nf3 Nxf3+ 17. Qxf3 f6 18. Rf1 Rae8 19. Kh1 c6 20. a3 Qd6 21.
g4 Re5 22. g5 Rxf5 23. Qxf5 fxg5 24. Qxf8+ Qxf8 25. Rxf8+ Kxf8 26. c3 dxc3 27.
bxc3 b5 28. Kg2 Ke7 29. d4 Kd6 30. Kf3 h5 31. Ke3 c5 32. Kf3 cxd4 33. cxd4 a5
34. Ke3 b4 35. axb4 axb4 36. Kd3 g4 37. Kc4 h4 38. e5+ Ke6 39. Kc5 b3 40. d5+
Kd7 41. e6+ Ke7 42. Kc6 b2 43. d6+ Kxe6 44. d7 b1=Q 45. d8=Q Qc2+ 46. Kb5 Qxh2
47. Qg8+ Kf6 48. Qf8+ Kg6 49. Qe8+ Kf5 50. Qf7+ Ke4 51. Qc4+ Kf3 52. Qd3+ Kg2
53. Qe2+ Kh3 54. Qf1+ Qg2 55. Qd3+ Qf3 56. Qg6 Qf6 57. Qd3+ g3 {Normal} 0-1

[Event "Rated Blitz tournament fkDs3FFx"]
[Site "?"]
[Date "2021.03.26"]
[Round "?"]
[White "YSA_kbpl"]
[Black "om_gendut"]
[Result "1/2-1/2"]
[WhiteElo "2408"]
[BlackElo "2431"]
[PlyCount "153"]
[EventDate "2021.??.??"]
[EventType "blitz"]

1. e4 e5 2. Nf3 d5 3. d4 dxe4 4. Nxe5 Bd6 5. Bc4 Bxe5 6. Qh5 Qe7 7. Qxe5 Qxe5
8. dxe5 Nc6 9. Bb5 Bd7 10. Bxc6 Bxc6 11. Nc3 O-O-O 12. Bg5 Re8 13. O-O-O Ne7
14. Bxe7 Rxe7 15. Rhe1 Rxe5 16. f4 Re7 17. f5 Rhe8 18. Re3 Re5 19. g4 g6 20.
fxg6 hxg6 21. Rf1 f5 22. gxf5 Rxf5 23. Rg1 Rf3 24. Rg3 Rh8 25. h3 Rd8 26. b3
Rdf8 27. Kd2 Rf2+ 28. Kc1 R2f3 29. Kb2 Rxe3 30. Rxe3 Rf3 31. Rxf3 exf3 32. Nd1
Kd7 33. Nf2 Ke6 34. Kc3 Kf5 35. Kd4 Kf4 36. Kd3 Kg3 37. Ke3 Kg2 38. h4 Bd7 39.
Nd3 Bc6 40. Nf4+ Kg1 41. c4 b6 42. b4 a5 43. a3 axb4 44. axb4 Bb7 45. c5 bxc5
46. bxc5 Bc6 47. Nd3 Kg2 48. Nf4+ Kg3 49. Nd3 Kxh4 50. Kf2 g5 51. Ne5 g4 52.
Nxc6 Kg5 53. Nd4 Kf4 54. Ne6+ Ke5 55. Nxc7 Kd4 56. c6 Kc5 57. Ne6+ Kxc6 58. Kg3
Kd5 59. Nf4+ Ke4 60. Nh5 Ke3 61. Nf6 Ke2 62. Ne4 f2 63. Nxf2 Ke3 64. Nd1+ Ke2
65. Nb2 Kf1 66. Nc4 Kg1 67. Ne5 Kh1 68. Nf7 Kg1 69. Nh6 Kh1 70. Nf5 Kg1 71. Ne3
Kh1 72. Nd5 Kg1 73. Nf6 Kh1 74. Nh5 Kg1 75. Nf6 Kh1 76. Kf2 g3+ 77. Kxg3 {
Normal} 1/2-1/2

[Event "Rated Blitz game"]
[Site "?"]
[Date "2021.03.26"]
[Round "?"]
[White "Doubleb17"]
[Black "Dzon_Vejn"]
[Result "1-0"]
[WhiteElo "2399"]
[BlackElo "2443"]
[PlyCount "109"]
[EventDate "2021.??.??"]
[EventType "blitz"]

1. e4 e5 2. Nf3 d5 3. Nxe5 Bd6 4. d4 dxe4 5. Nc4 Be7 6. Nc3 Nf6 7. Bf4 O-O 8.
Ne3 b6 9. Bc4 a6 10. a4 Bb7 11. g4 Bb4 12. h4 Nd5 13. Nexd5 Bxd5 14. Bxd5 Qxd5
15. Be3 Nc6 16. Kf1 Bxc3 17. bxc3 f5 18. gxf5 Rxf5 19. Qe2 Na5 20. Rg1 Nc4 21.
Rg5 Raf8 22. Rxf5 Rxf5 23. Kg2 Rf3 24. Rh1 b5 25. axb5 axb5 26. Rh3 Nxe3+ 27.
fxe3 Rxh3 28. Kxh3 Qf5+ 29. Qg4 Qf1+ 30. Qg2 Qf5+ 31. Qg4 Qf1+ 32. Qg2 Qf5+ 33.
Kh2 h6 34. Qe2 Kf7 35. c4 b4 36. c5 Kf6 37. Kg3 g5 38. hxg5+ Qxg5+ 39. Kh3 Qf5+
40. Kg3 Qg5+ 41. Kf2 Qh4+ 42. Kg2 Qg5+ 43. Kf1 Qf5+ 44. Ke1 Qd5 45. Qg4 Qf5 46.
Qg8 Qf3 47. Qf8+ Kg5 48. Qxf3 exf3 49. Kf2 Kg4 50. d5 h5 51. d6 h4 52. d7 h3
53. d8=Q h2 54. Qh8 h1=Q 55. Qxh1 {Time forfeit} 1-0

[Event "Rated Blitz game"]
[Site "?"]
[Date "2021.03.26"]
[Round "?"]
[White "MoroDieHexeNu10prela"]
[Black "Trompatzer"]
[Result "1-0"]
[WhiteElo "2256"]
[BlackElo "2408"]
[PlyCount "55"]
[EventDate "2021.??.??"]
[EventType "blitz"]

1. e4 e5 2. Nf3 d5 3. exd5 Bd6 4. Nc3 Nf6 5. Bc4 e4 6. Nd4 O-O 7. d3 Bg4 8. Qd2
Re8 9. O-O Nbd7 10. dxe4 Nxe4 11. Nxe4 Rxe4 12. Qd3 Nc5 13. Qc3 Qh4 14. g3 Qh3
15. Be3 Bd7 16. Rfe1 Rae8 17. Bf1 Qh5 18. Bg2 Bh3 19. Bh1 Bg4 20. Nb5 Be5 21.
Qxc5 Bf3 22. Nxc7 Bxh1 23. Kxh1 Qf3+ 24. Kg1 Rh4 25. Bg5 Rxh2 26. Kxh2 Qh5+ 27.
Bh4 Qxh4+ 28. Kg2 {Normal} 1-0

[Event "Rated Blitz game"]
[Site "?"]
[Date "2021.03.26"]
[Round "?"]
[White "Yatini_T"]
[Black "Trompatzer"]
[Result "0-1"]
[WhiteElo "2447"]
[BlackElo "2400"]
[PlyCount "102"]
[EventDate "2021.??.??"]
[EventType "blitz"]

1. e4 e5 2. Nf3 d5 3. exd5 Bd6 4. Nc3 Nd7 5. d4 Ngf6 6. Bd3 O-O 7. O-O exd4 8.
Nxd4 Ne5 9. Bf5 h6 10. Bxc8 Rxc8 11. Nf5 Qd7 12. Nxd6 Qxd6 13. Bf4 Nfd7 14. Re1
Qf6 15. Bg3 Nc4 16. Rb1 Nd6 17. Ne4 Nxe4 18. Rxe4 Nb6 19. c4 Rfe8 20. Qe2 Rxe4
21. Qxe4 Qd8 22. b3 Nd7 23. Re1 Nf6 24. Qd4 Qd7 25. Qxa7 b6 26. Qb7 Ne8 27. Qc6
Qxc6 28. dxc6 Kf8 29. Rd1 Ke7 30. Rd7+ Ke6 31. a4 f5 32. h4 g5 33. f4 g4 34.
Bf2 Nf6 35. Rg7 Ne4 36. Bd4 Kd6 37. Be5+ Kxc6 38. Rh7 Kc5 39. Rxc7+ Rxc7 40.
Bxc7 Nd2 41. b4+ Kxb4 42. Bxb6 Nxc4 43. a5 Nxa5 44. Bxa5+ Kxa5 45. Kf2 Kb5 46.
Ke3 Kc4 47. h5 Kc3 48. Ke2 Kd4 49. Kd2 Ke4 50. Ke2 Kxf4 51. Kf2 Kg5 {Normal}
0-1